| 000 | 00871cab a2200253 4500 | ||
|---|---|---|---|
| 001 | WB2827-29 | ||
| 008 | 090401t1992 xxu||||| |||| 00| 0 eng d | ||
| 035 | _a(Sirsi) u55526 | ||
| 041 | _aeng | ||
| 245 | _aMore inspectors needed | ||
| 260 | _c1992 | ||
| 350 | _a0 | ||
| 490 |
_aPlanning (for the Natural and Built Environment) _v(975) 3 July 1992, 1(1) |
||
| 520 | _aThe Planning Inspectorate Executive Agency has published its first business plan, revealing a need for another 20 full-time inspectors to meet the government target of deciding planning appeals within 22 weeks. | ||
| 650 | _aBUSINESS PLANS | ||
| 650 | _aPLANNING APPEALS | ||
| 650 | _aPLANNING INSPECTORATE EXECUTIVE AGENCY | ||
| 650 | _aPLANNING INSPECTORS | ||
| 650 | _aSTATISTICS | ||
| 650 | _aWORK LOAD | ||
| 690 | _aPLANNING LAW AND PRACTICE | ||
| 942 | _n0 | ||
| 948 | _c04/03/1997 | ||
| 999 |
_c33928 _d33928 |
||